01174nab a2200301 uc450000100070000000500170000700800410002403500110006503500210007604000130009704100080011010000420011824501350016065000480029565000400034365000380038365000420042165000450046365000320050865000280054065000380056870000410060670000480064770000520069577300960074794200100084399900190085377683820251114081128.0020927s2002 spa  a776838 a(OCoLC)819990984 ccomduadb aspa10aArrubla, Juan Pablo4auteaut935850010aCriterios de evaluacion a nivel organizacional de los grupos de investigacion de la Universidad Nacional de Colombia-Sede Medellin aGrupos de investigación - Colombia988902 aUniversidad e investigación98482 aMisión de la universidad980447 7aCultura organizacional2armarc931498 aInvestigación en la universidad911506 aClima organizacional950136 aTrabajo de grupo919438 aRelaciones institucionales99337310aGraciano, Lilia I.4auteaut935850410aSegura Caro, Juan Aicardo4auteaut935850510aOquendo Puerta, Sergio René4auteaut94942920 tUni-pluri/versidad (Medellín)gVol. 02, No. 01, 2002, p. 7-14w667169x1657-42490200034 cARIMP c256402d256402